000 01583cpcaa2200361 a 4500
001 mm 81054726
003 DLC
005 20260227111709.0
007 cr |||||||||||
008 810423|||||||||||| eng
010 _amm 81054726
040 _aDLC
_cDLC
_dDLC
_edacs
072 7 _aC
_2lcmd
100 1 _aBryan, W. B.
_q(Wilhelmus Bogart),
_d1854-1938.
245 0 0 _aW.B. Bryan notes and newspaper extracts,
_f1789-1888.
300 _a3,500
_fitems.
300 _a6
_fcontainers.
300 _a2.4
_flinear feet.
506 0 _aOpen to research.
520 8 _aHandwritten notes along with extracts from newspapers, many published in the District of Columbia, relating to Washington, D.C., compiled by Bryan while researching his two-volume work, A History of the National Capital (1914, 1916).
545 0 _aHistorian and author.
546 _aCollection material in English.
555 8 _aFinding aid available in the Library of Congress Manuscript Reading Room and at
_uhttp://hdl.loc.gov/loc.mss/eadmss.ms009013
650 0 _aAmerican newspapers
_zWashington (D.C.)
651 0 _aWashington (D.C.)
_xHistory.
656 7 _aAuthors.
_2itoamc
656 7 _aHistorians.
_2itoamc
856 4 _3Finding aid
_uhttp://hdl.loc.gov/loc.mss/eadmss.ms009013
856 4 _3Finding aid (PDF)
_uhttp://hdl.loc.gov/loc.mss/eadmss.ms009013.3
999 _c43195
_d43195